000 00449nam a2200181Ia 4500
003 GCL
008 140319s9999 xx 000 0 eng d
040 _aGCL /
_cGCL
082 0 4 _a005.6
_bK R
100 1 _aKIRKNER, BILL
245 1 0 _aRUNNING PERFECT NETSCAPE SITE /
_cKIRKNER, BILL
260 _a[S.N] :
_bQUE ،
_c1996
300 _a836 P
650 0 4 _aشعر الحرب
650 0 4 _aWORLD WIDE WEB
650 0 4 _aINTERNET
942 _2ddc
_cBK
999 _c13596
_d13596